[Event "Barcelona Sant Marti op-B 24th"]
[Site "Barcelona"]
[Date "2024.07.19"]
[Round "7"]
[White "Vilchez Cardenas, Juan Antonio"]
[Black "Ji, Chaoming"]
[Result "1-0"]
[WhiteElo "1434"]
[BlackElo "1392"]
[PlyCount "89"]
[EventDate "2024.07.13"]
[EventType "swiss"]
[EventRounds "9"]
[EventCountry "ESP"]
[SourceTitle "EXT 2025"]
[Source "ChessBase"]
[SourceDate "2024.10.14"]
[SourceVersion "1"]
[SourceVersionDate "2024.10.14"]
[SourceQuality "1"]

1. e4 e5 2. Nf3 Nc6 3. Nc3 Nf6 4. Bc4 Nxe4 5. Nxe4 d5 6. Bd3 dxe4 7. Bxe4 Bg4 8. h3 Bh5 9. d3 Nd4 10. c3 Bxf3 11. Bxf3 Nc6 12. 0-0 Qd7 13. Re1 0-0-0 14. a3 Qxd3 15. Qxd3 Rxd3 16. Bg4+ Kb8 17. Be2 Rd8 18. Be3 Bd6 19. Red1 Rhe8 20. b4 Be7 21. b5 Na5 22. a4 Bf6 23. Rac1 e4 24. c4 Rxd1+ 25. Rxd1 b6 26. Rd7 Be7 27. Bf4 Kc8 28. Rxc7+ Kb8 29. Rxe7+ Kc8 30. Rxe8+ Kd7 31. Rxe4 f5 32. Rd4+ Ke6 33. Rd8 Nb7 34. Ra8 a5 35. bxa6 Nc5 36. Re8+ Kd7 37. Rh8 Nxa6 38. Rxh7 Ke8 39. Rxg7 Nc5 40. Rg8+ Kf7 41. Ra8 Nb3 42. Bh5+ Kf6 43. Rb8 Nd4 44. Rxb6+ Ne6 45. a5 1-0

[Event "Barcelona Sant Marti op-B 24th"]
[Site "Barcelona"]
[Date "2024.07.14"]
[Round "2"]
[White "Sastre Colil, Jordi"]
[Black "Ji, Chaoming"]
[Result "1-0"]
[WhiteElo "1641"]
[BlackElo "1392"]
[PlyCount "71"]
[EventDate "2024.07.13"]
[EventType "swiss"]
[EventRounds "9"]
[EventCountry "ESP"]
[SourceTitle "EXT 2025"]
[Source "ChessBase"]
[SourceDate "2024.10.14"]
[SourceVersion "1"]
[SourceVersionDate "2024.10.14"]
[SourceQuality "1"]

1. e4 e5 2. Nf3 Nc6 3. Bc4 Nf6 4. d3 Be7 5. Be3 0-0 6. 0-0 d6 7. h3 Re8 8. Nc3 h6 9. d4 a6 10. dxe5 dxe5 11. Qe2 b5 12. Bd5 Nxd5 13. Nxd5 Be6 14. Rad1 Qc8 15. Kh2 Qd7 16. Nf6+ Bxf6 17. Rxd7 Bxd7 18. c4 bxc4 19. Qxc4 Ne7 20. Qxc7 Bb5 21. Rd1 Rac8 22. Qa5 Nc6 23. Qe1 Be7 24. a3 Ba4 25. Rc1 Rb8 26. b4 Nxb4 27. axb4 Rxb4 28. Bc5 Bxc5 29. Rxc5 Bb5 30. Qxb4 f6 31. Rxb5 axb5 32. Qxb5 Rd8 33. Nh4 Rd2 34. Qb7 Kf8 35. Nf5 Ke8 36. Qe7# 1-0

[Event "Barcelona Sant Marti op-B 24th"]
[Site "Barcelona"]
[Date "2024.07.13"]
[Round "1"]
[White "Ji, Chaoming"]
[Black "Romero Funieles, Rafael de Jesus"]
[Result "0-1"]
[WhiteElo "1392"]
[BlackElo "1744"]
[PlyCount "126"]
[EventDate "2024.07.13"]
[EventType "swiss"]
[EventRounds "9"]
[EventCountry "ESP"]
[SourceTitle "EXT 2025"]
[Source "ChessBase"]
[SourceDate "2024.10.14"]
[SourceVersion "1"]
[SourceVersionDate "2024.10.14"]
[SourceQuality "1"]

1. d4 b6 2. c4 Bb7 3. Nf3 e6 4. e3 Nf6 5. Nbd2 Be7 6. Bd3 h6 7. 0-0 0-0 8. Re1 d6 9. Nf1 Nbd7 10. Ng3 Qc8 11. Bb1 Rd8 12. e4 e5 13. Be3 c5 14. d5 Nf8 15. Nf5 Ng6 16. N3h4 Qc7 17. g3 Nxh4 18. Nxh4 Bc8 19. f3 a6 20. a4 Bd7 21. Bc2 Rab8 22. b3 Nh7 23. Ng2 Rf8 24. g4 Qd8 25. Bf2 Ng5 26. Qe2 Nh3+ 27. Kf1 Bg5 28. Bd3 g6 29. Rad1 Kg7 30. Bg3 Qf6 31. Bf2 Rh8 32. Rb1 h5 33. Rbd1 hxg4 34. fxg4 Bxg4 35. Qa2 Bxd1 36. Rxd1 Nxf2 37. Qxf2 Qxf2+ 38. Kxf2 Rxh2 39. Kg3 Rbh8 40. Kf2 R2h3 41. Bf1 Rxb3 42. Kg1 Rh5 43. Be2 Rh6 44. Bg4 Rb4 45. Ra1 Rxc4 46. Be2 Rxe4 47. Bxa6 Be3+ 48. Nxe3 Rxe3 49. Rb1 Rh4 50. Rb2 Rxa4 51. Rxb6 Ra2 52. Rb1 Rxa6 53. Kf2 Re4 54. Rd1 Rd4 55. Re1 c4 56. Rc1 Ra4 57. Ke1 Rd3 58. Ke2 Ra2+ 59. Ke1 c3 60. Kf1 c2 61. Ke1 e4 62. Kf1 Rd1+ 63. Rxd1 cxd1Q# 0-1